000 00508nam a22001697a 4500
003 MACL
005 20160330131832.0
008 160330b xxu||||| |||| 00| 0 eng d
040 _cMACL
041 _aHindi
082 _a320
100 _aडॉ अनुपम त्‍यागी
_948931
245 _aकश्‍मीर एक कसौटी
260 _aदिल्‍ली
_bआकाश दीप पब्लिकेशन्‍स
650 _aPolitical Sci,
_934660
942 _2ddc
_cHIN
999 _c53640
_d53640